000 00858nam a2200241Ia 4500
003 OSt
005 20220923223915.0
006 a|||||r|||| 00| 0
007 ta
008 220922b |||||||| |||| 00| 0 hin d
024 _a223,171
037 _cTextual
040 _aARTS
_cARTS
_bhin
041 _2hin
_ahin
082 _aR6, 152K8
100 _aनरवणे, विश्वनाथ; जैन, नेमिचंद, संपा.
245 0 _aआधुनिक भारतीय चिन्तन
246 _aĀdhunik bhāratīya chintana
260 _aनयी दिल्ली
_b राजकमल प्रकाशन
_c1998
300 _a342पृ.
_ccm.
942 _hR6, 152K8
_cTEXL
_2CC
999 _c368148
_d368148